Sports Quiz

Random Sports Quiz

New York Yankees Home Runs 2000s Quiz Stats

 Plays Quiz not verified by Sporcle

Support Sporcle.
Go Orange.
Score 0/90 Timer 15:00
0 Plays Today
HRs Player's Name % Correct
15,21,18,10,23,19,14,12,11,18,10 (171)Derek Jeter
99.7%
28,22,20,30,21,19,23,20,3,22,18 (226)Jorge Posada
99.3%
36,48,35,54,35,30,30 (268)Alex Rodriguez
99%
2 (2)Ivan Rodriguez
97.8%
14,15,19,14,25,29 (116)Robinson Cano
97.6%
41,41,12,32,37,14,32 (209)Jason Giambi
96.3%
30,26,19,15,22,12,12 (136)Bernie Williams
95.3%
39,33 (72)Mark Teixeira
94.4%
16,34,17 (67)Tino Martinez
91.4%
16,31,23,8,25,9,28 (140)Hideki Matsui
91.4%
29,29 (58)Nick Swisher
89.5%
2,18,39,38 (97)Alfonso Soriano
88.1%
24,12,17,24 (77)Johnny Damon
86.9%
36,34,6 (76)Gary Sheffield
84.9%
24 (24)Curtis Granderson
83.5%
18,21 (39)Paul O'Neill
82.5%
3,5 (8)Brett Gardner
80.4%
16,13 (29)Scott Brosius
79.7%
2,15,14,2 (33)Nick Johnson
78%
7,16,20 (43)Bobby Abreu
76.1%
5,9 (14)Chuck Knoblauch
71.8%
7,8,8,13 (36)Melky Cabrera
70.5%
20,18 (38)David Justice
67.5%
9,10,6 (25)Shane Spencer
67.1%
27,9 (36)Robin Ventura
67.1%
1,3,1 (5)Jose Molina
65.9%
6 (6)Aaron Boone
63.2%
6,17,4 (27)Ruben Sierra
61.1%
1 (1)Francisco Cervelli
60.1%
4 (4)Craig Wilson
59.6%
HRs Player's Name % Correct
1,2,3,6 (12)Enrique Wilson
58.9%
11,16 (27)Raul Mondesi
55.8%
2 (2)Luis Sojo
55.3%
14 (14)Rondell White
54.6%
7 (7)Ricky Ledee
54%
16 (16)Tony Clark
53.4%
1,12 (13)Marcus Thames
51%
6 (6)Miguel Cairo
51%
4,6,2 (12)John Flaherty
50.4%
3 (3)Kenny Lofton
49.1%
12 (12)Xavier Nady
48.4%
1 (1)Ramiro Pena
47.6%
6 (6)Jose Canseco
47.5%
1 (1)Colin Curtis
47.3%
1,1,7,2 (11)Andy Phillips
46.9%
7,1 (8)Shelley Duncan
46.4%
16 (16)Glenallen Hill
42.4%
1 (1)Eduardo Nunez
41.2%
4 (4)John Olerud
41.1%
6 (6)Karim Garcia
37.7%
2 (2)Josh Phelps
37.2%
5 (5)Doug Mientkiewicz
37.1%
4 (4)Cody Ransom
36.9%
2 (2)Nick Green
36.6%
2,1,1 (4)Bubba Crosby
36.4%
1,7 (8)Juan Rivera
36.1%
1 (1) Jim Leyritz
34.9%
1 (1)Lance Berkman
34.6%
7 (7)Eric Hinske
32.9%
6,5 (11)Clay Bellinger
32%
HRs Player's Name % Correct
2 (2)Jerry Hairston
31.9%
6 (6)Todd Zeile
31.2%
1 (1) Sal Fasano
28.3%
1,3 (4)Juan Miranda
26.7%
1 (1)Todd Greene
26.1%
1 (1)Richie Sexson
25.8%
4,6 (10)Wilson Betemit
25.7%
1 (1)Erick Almonte
25.5%
1 (1) Roberto Kelly
23.1%
1 (1)Mark Bellhorn
22%
1 (1) Kevin Thompson
20.5%
3 (3)Ryan Thompson
20.3%
1 (1)Chad Moeller
20.2%
6 (6)John Vander Wal
19.7%
1 (1)Curtis Pride
19.7%
1 (1)Kelly Stinnett
19.6%
1 (1)Randy Winn
19.6%
2 (2)Austin Kearns
19.1%
1 (1) Luis Polonia
18.4%
3 (3)Ron Coomer
18.1%
1 (1)David Dellucci
17.8%
2 (2)Matt Lawton
17.4%
4 (4)Aaron Guiel
16%
1 (1)Chris Turner
15.9%
1 (1) Joe Oliver
14.1%
1 (1)Morgan Ensberg
13.9%
1 (1)Felix Jose
11.3%
1 (1)Wilson Delgado
10.7%
1 (1) Michael Coleman
8.9%
1 (1) Andy Cannizaro
8.9%

You're not logged in!

Compare scores with friends on all Sporcle quizzes.
OR
Log In

From the Vault

French Foods

by triplet_3

French food is always the life of the pâté.
Remove Ads.
Support Sporcle.
Get the best of Sporcle when you Go Orange. This ad-free experience offers more features, more stats, and more fun while also helping to support Sporcle. Thank you for becoming a member.

Show Comments

Extras

Top Quizzes Today


Score Distribution

Your Account Isn't Verified!

In order to create a playlist on Sporcle, you need to verify the email address you used during registration. Go to your Sporcle Settings to finish the process.

Report this User

Report this user for behavior that violates our Community Guidelines.

Details: